Novels by Wikipedia description - Statistics

General Stats
  • This quiz has been taken 35 times
  • The average score is 9 of 15
Answer Stats
Hint Answer % Correct
[novel] is the second published novel (but third to be written) by English author Jane Austen, written when she was aged 20–21, and later published in 1813. Pride and Prejudice
97%
Shelley started writing the story when she was 18 and staying in Bath, and the first edition was published anonymously in London on 1 January 1818, when she was 20. Frankenstein; or, The Modern Prometheus
88%
[S]everal alternatives have been used, including The Miserables, The Wretched, The Miserable Ones, The Poor Ones, The Wretched Poor, The Victims, and The Dispossessed Les Misérables
88%
Alcott quickly completed a second volume (titled Good Wives in the United Kingdom, though the name originated with the publisher and not Alcott). Little Women
82%
In 1967, the book earned García Márquez international fame as a novelist of the magical realism movement within Latin American literature. One Hundred Years of Solitude
79%
It is the second of Dostoevsky's full-length novels following his return from ten years of exile in Siberia. Crime and Punishment
76%
Golding got the idea for the plot from "The Coral Island," a children's adventure novel with a focus on Christianity and the supposed civilising influence of British colonialism. Lord of the Flies
76%
[novel] is one of the most famous classics of both English and world literature, and popularised the fictional island of Lilliput. Gulliver's Travels
73%
Dickens uses literal translations of French idioms for characters who cannot speak English, such as "What the devil do you do in that galley there?!!" and "Where is my wife? ... Here you see me." A Tale of Two Cities
70%
D. H. Lawrence called it "one of the strangest and most wonderful books in the world" and "the greatest book of the sea ever written". Moby-Dick; or, The Whale
70%
The American title of "Murder in the Calais Coach" was used to avoid confusion with the 1932 Graham Greene novel "Stamboul Train," which had been published in the United States as [...]. Murder on the Orient Express
55%
It also started the phenomenon known as "Werther Fever," which caused young men throughout Europe to dress in the clothing style described for Werther in the novel. The Sorrows of Young Werther
27%
It is often credited as marking the beginning of realistic fiction as a literary genre, and has been described as the first novel, or at least the first English novel – although these labels are disputed. Robinson Crusoe
24%
It begins on the day when Napoleon left his first island of exile, Elba, beginning the Hundred Days period of his return to power. The Count of Monte Cristo
21%
The novel originated from two short stories, "[novel] in Bond Street" and the unfinished "The Prime Minister". Mrs Dalloway
9%
No matching quizzes found
Score Distribution
Percent of People with Each Score
Percentile by Number Answered
Your Score History
You have not taken this quiz